000 00586nam a22001817a 4500
005 20161207162107.0
010 _aENG-116770
020 _a9789351367499
_c250.00
035 _aEN-100302
037 _bDBAD/PUB
082 _a915.404
100 _aRoy,Devapriya
245 _aThe heat and dust project :
_cby Devapriya Roy [and] Saurav Jha
_bthe broke couple's guide to Bharat /
260 _aNoida
_bHarper Collins Publishers
_c2015
270 _aA-75, Sector 57
_bNoida (Uttar Pradesh)
_e201301
300 _ax,282p.
_c21cm(pbk)
942 _2ddc
_cEN
_mROY
_h915.404
999 _c105030
_d105030